000 00285nam a2200121 a 4500
008 101213s1952|||| d
245 1 0 _aÚvod do estetiky hudby
100 1 _aNováček, Zdeněk
260 _bSAVU
_aBratislava
_c1952
020 _c80
044 _axo
_cSK
041 _aslo
999 _c15193
_d15193